| 000 | 00850cam a22002893a 4500 | ||
|---|---|---|---|
| 001 | FLC91028582 | ||
| 003 | DLC | ||
| 005 | 20180606203720.0 | ||
| 008 | 930806s1992 a j 000 1 spa d | ||
| 010 | _a91028582 | ||
| 020 | _a0064433013 (pbk.) | ||
| 024 | _a046594005953 | ||
| 035 | _a48172579 | ||
| 040 |
_dCoBoFLC _csjds |
||
| 041 |
_aspa _heng |
||
| 100 | 1 | _aCarle, Eric. | |
| 240 | 1 | 0 |
_aGrouchy ladybug. _lSpanish. |
| 245 | 1 | 3 |
_aLa mariquita malhumorada / _cEric Carle ; [translator, Simon Saad-L'Hoeste]. |
| 246 | 3 | _aLa mariquita malhumorada. | |
| 260 |
_bHarperTrophy, _c1992. |
||
| 300 |
_a[48] p. : _bcol. ill. ; _c22 x 22 cm. |
||
| 500 | _aEnglish title: The Grouchy ladybug. | ||
| 655 | 1 | _aSpanish language materials. | |
| 655 | 0 | _aPicture books for children. | |
| 655 | 7 |
_aMateriales en espa©łol. _2local. |
|
| 942 | _cBK | ||
| 999 |
_c20866 _d20866 |
||